Statistics for Christmas Vacation quiz

Click here to take the quiz!

General Stats

  • This quiz has been taken 428 times
  • The average score is 6 of 15

Answer Stats

HintAnswer% Correct
What was Clark's big gift to everyone SUPPOSED to be?Swimming pool
74%
How much did the grandmother offer Rusty to rub the burr on her heel?A quarter
73%
What did he get instead of a cash Christmas bonus?Jelly of the month club
61%
What was wrong with the turkey?Dry
54%
What is Eddie's dog's name?Snots
52%
What happened to Audrey when the family went out to cut down their Christmas tree?Her eyes froze
51%
What happened to Aunt Bethany's cat?electrocuted
50%
What did Uncle Lewis do to the Christmas tree?Burned it down
47%
How many lights did Clark put on the house?25,000
34%
Clark gets locked in the attic while everyone else goes to the mall. Ellen's father is in a hurry to get there. He says that he has to eat. Why?So he can take his back pill
33%
What does Clark's boss mistakenly call him?Carl
27%
What does Clark do for a living? ____ ________ designerfood additive
23%
When Eddie was telling Clark about his older son "preparing for his career in the carnival, he said next year he might be guessing people's weight or barking for" who? (He said, "she's got these big horns growing right out above her ears...yeah, she's ugly as sin, but a sweet gal...and a helluva good cook!")Yak Woman
18%
What are Eddie and Catherine's kid's names?Rocky & Ruby Sue
14%
What is the name of the yuppie couple who lives next door to the Griswolds?Todd & Margot
9%

Score Distribution

Percentile by Number Answered

Percent of People with Each Score

Your Score History

You have not taken this quiz